Reklama (história versus súčasnosť)

Etika ako základná súčasť kultúry spoločnosti na danom stupni vývinu. Z histórie etiky. Etika a marketing. Etika a reklama. Základné princípy reklamnej etiky. Príbuzné etické zásady reklamy a public relations. Špecifiká etických zásad reklamy a public relations.

Salvato in:
Dettagli Bibliografici
Autore principale: Horňák, Pavel
Natura: Capitolo di libro
Lingua:slovacco
Soggetti:
Tags: Aggiungi Tag
Nessun Tag, puoi essere il primo ad aggiungerne!!

MARC

LEADER 00000naa a2200000 4500
001 r049546
005 20231004101218.7
041 0 |a slo 
044 |a CZ 
245 1 0 |a Reklama  |b (história versus súčasnosť)  |c Pavel Horňák 
520 |a Etika ako základná súčasť kultúry spoločnosti na danom stupni vývinu. Z histórie etiky. Etika a marketing. Etika a reklama. Základné princípy reklamnej etiky. Príbuzné etické zásady reklamy a public relations. Špecifiká etických zásad reklamy a public relations. 
610 2 0 |a reklama 
610 2 0 |a história 
610 2 0 |a mienka verejná 
610 2 0 |a etika 
610 2 0 |a morálka 
610 2 0 |a marketing 
100 1 |a Horňák, Pavel